Sinh thái thực vật

保存先:
書誌詳細
第一著者: Phan Nguyên Hồng
フォーマット: 図書
言語:Undetermined
出版事項: Hà Nội 1971
主題:
タグ: タグ追加
タグなし, このレコードへの初めてのタグを付けませんか!
Thư viện lưu trữ: Trung tâm Học liệu Trường Đại học Cần Thơ
LEADER 00464nam a2200169Ia 4500
001 CTU_33307
008 210402s9999 xx 000 0 und d
082 |a 581.5 
082 |b H455/1971 
100 |a Phan Nguyên Hồng 
245 0 |a Sinh thái thực vật 
245 0 |c Phan Nguyên Hồng 
260 |a Hà Nội 
260 |c 1971 
650 |a plant ecology 
904 |i Minh, 991013 
980 |a Trung tâm Học liệu Trường Đại học Cần Thơ